22/23 Birmingham - Statistics

General Stats
  • This quiz has been taken 7 times
  • The average score is 22 of 30
Answer Stats
Hint Answer % Correct
23 Emmanuel Longelo
100%
6 Hannibal Mejbri
100%
27 Jobe Bellingham
100%
21 John Ruddy
100%
7 Juninho Bacuna
100%
26 Kevin Long
100%
31 Krystian Bielik
100%
4 Marc Roberts
100%
1 Neil Etheridge
100%
9 Scott Hogan
100%
18 Tahith Chong
100%
28 Dion Sanderson
80%
20 Gary Gardner
80%
35 George Hall
80%
Manager John Eustace
80%
10 Lukas Jutkiewicz
80%
2 Maxime Colin
80%
8 Troy Deeney
80%
38 Zach Jeacock
80%
5 Auston Trusty
60%
3 George Friend
60%
12 Harlee Dean
60%
14 Jonathan Leko
60%
19 Jordan James
60%
42 Alfie Chang
40%
11 Jordan Graham
40%
48 Josh Williams
40%
25 Nico Gordon
40%
17 Reda Khadra
40%
17 Przemyslaw Placheta
0%
No matching quizzes found
Score Distribution
Percent of People with Each Score
Percentile by Number Answered
Your Score History
You have not taken this quiz